| 000 | 00676nam a22002172 4500 | ||
|---|---|---|---|
| 001 | 0000018434 | ||
| 005 | 20151217155220.0 | ||
| 008 | 091028s xx 000 0 eng d | ||
| 020 | _a9780071102087 : | ||
| 040 |
_aKABU _cKABU |
||
| 100 | 1 |
_aLongenbaker, Susannah Nelson. _@0000177688 |
|
| 245 | 1 | 0 |
_aMader's understanding human anatomy & physiology / _cSusannah Nelson Longenbaker. |
| 250 | _a6th ed. | ||
| 260 |
_aBoston : _bMcGraw-Hill, _c2008. |
||
| 300 | _axvii, 478 p. | ||
| 650 | 0 |
_aHuman physiology. _@0000155597 |
|
| 650 | 0 |
_aHuman anatomy. _@0000155598 |
|
| 852 | 1 | _9p2395 KES | |
| 908 | _a091028 | ||
| 950 | _@1 | ||
| 999 |
_c12062 _d12062 |
||